Analýza rezných klinov doštičiek zo spekaných karbidov po obrábaní ložiskovej ocele = Analysis of cutting wedges of inserts made from sintered carbides after machining of the bearing steel : Bakalárska práca
Salvato in:
| Autore principale: | |
|---|---|
| Altri autori: | |
| Natura: | Manoscritto Libro |
| Lingua: | slovacco |
| Pubblicazione: |
Trnava :
STU v Bratislave MTF UMAT,
2008
|
| Soggetti: | |
| Tags: |
Nessun Tag, puoi essere il primo ad aggiungerne!!
|
MARC
| LEADER | 00000ntm a22000003a 4500 | ||
|---|---|---|---|
| 001 | stu175275 | ||
| 005 | 20160719155909.4 | ||
| 008 | 081031s2008----xo------------------slo-d | ||
| 040 | |a STU |b slo | ||
| 041 | 0 | |a slo | |
| 044 | |a xo | ||
| 100 | 1 | |a Holič, Ján |4 aut | |
| 245 | 1 | |a Analýza rezných klinov doštičiek zo spekaných karbidov po obrábaní ložiskovej ocele = Analysis of cutting wedges of inserts made from sintered carbides after machining of the bearing steel : |b Bakalárska práca | |
| 260 | |a Trnava : |b STU v Bratislave MTF UMAT, |c 2008 | ||
| 300 | |a 54 s |c 1 CD-ROM | ||
| 500 | |a Odbor: materiálové inžinierstvo | ||
| 650 | 7 | |a spekané karbidy |2 stusub | |
| 650 | 7 | |a oceľ |2 stusub | |
| 650 | 7 | |a opotrebenie |2 stusub | |
| 650 | 7 | |a rezné doštičky |2 stusub | |
| 700 | 1 | |a Grgač, Peter, |d 1952- |4 xxx |u M1000 |U MTF Materiálovotechnologická fakulta |T MTF Ústav materiálov |X 4174 |U M1000 |Y 81 |7 A000004174 | |
| 700 | 1 | |a Kapusňák, Michal, |d 1983- |4 csl |u M980 |T MTF Externí pracovníci |X 33914 |U M980 |Y M980 |7 A000033914 | |
| 996 | |b 284M069205 |c M*BP-3479 |l MMSKP |s P |a 0 |w stu175275_0001 | ||